Rights of commons (Record no. 68098)

MARC details
000 -LEADER
fixed length control field 01256cam a2200253 4500
001 - CONTROL NUMBER
control field ABS64437
008 - FIXED-LENGTH DATA ELEMENTS--GENERAL INFORMATION
fixed length control field 010828n2001 000 0 eng u
035 ## - SYSTEM CONTROL NUMBER
System control number (Sirsi) u114357
100 ## - MAIN ENTRY--PERSONAL NAME
Personal name Steed, J
245 ## - TITLE STATEMENT
Title Rights of commons
260 ## - PUBLICATION, DISTRIBUTION, ETC.
Date of publication, distribution, etc. 2001
490 ## - SERIES STATEMENT
Series statement Estates Gazette
Volume/sequential designation (0133) 18 August 2001, 84(1)
520 ## - SUMMARY, ETC.
Summary, etc. Town or village greens (TVG) should have been registered under the Commons Registration Act 1965 and any land not registered by 31 July 1970 was not considered to be TVG. However, the Act does allow applications for land to be registered that has since become a TVG. But the CA's decision in the case "R (on the application of Beresford) v Sunderland CC", has ruled that an implied permission to use land will defeat a claim for registration as a TVG. The landowner can also secure land against registration by preventing access for more than two years.
590 ## - LOCAL NOTE (RLIN)
Local note ABS
650 ## - SUBJECT ADDED ENTRY--TOPICAL TERM
Topical term or geographic name entry element COMMONS REGISTRATION ACT 1965
650 ## - SUBJECT ADDED ENTRY--TOPICAL TERM
Topical term or geographic name entry element COMMONS REGISTRATION
650 ## - SUBJECT ADDED ENTRY--TOPICAL TERM
Topical term or geographic name entry element R V OXFORDSHIRE CC AND ANOTHER EX P SUNNINGWELL PARISH COUNCIL
650 ## - SUBJECT ADDED ENTRY--TOPICAL TERM
Topical term or geographic name entry element R V SUNDERLAND CITY COUNCIL EX P BERESFORD
650 ## - SUBJECT ADDED ENTRY--TOPICAL TERM
Topical term or geographic name entry element VILLAGE GREENS
650 ## - SUBJECT ADDED ENTRY--TOPICAL TERM
Topical term or geographic name entry element PERMISSIVE RIGHTS
650 ## - SUBJECT ADDED ENTRY--TOPICAL TERM
Topical term or geographic name entry element DEVELOPMENT VALUE
690 ## - LOCAL SUBJECT ADDED ENTRY--TOPICAL TERM (OCLC, RLIN)
Topical term or geographic name as entry element PROPERTY
942 ## - ADDED ENTRY ELEMENTS (KOHA)
Suppress in OPAC 0
Holdings
Withdrawn status Lost status Source of classification or shelving scheme Damaged status Not for loan Home library Current library Shelving location Date acquired Total Checkouts Full call number Barcode Date last seen Copy number Price effective from Koha item type
    Dewey Decimal Classification     London London Journal article 28/08/2001   ABS64437 114357-1001 06/08/2019 1 06/08/2019 Journal article